Sports Quiz

Random Sports or Football Quiz

Nicknames Quiz Stats

 Plays Quiz not verified by Sporcle

Challenge
Share
Tweet
Embed
Score 0/92 Timer 20:00
0 Plays Today
Answer % Correct
Reds
93.1%
Gunners
92%
Blues
90.8%
Pensioners
90.8%
Tractor Boys
90.8%
Spurs
90.8%
Reds
89.7%
Red Devils
89.7%
Reds
86.2%
Wolves
83.9%
Foxes
82.8%
Magpies
81.6%
Toffees
80.5%
Hammers
80.5%
Villans
79.3%
Dons
79.3%
Saints
79.3%
Tigers
78.2%
Swans
78.2%
Rams
77%
Donny
77%
Dons
77%
Citizens
77%
Canaries
77%
Cherries
73.6%
Lions
73.6%
Hornets
73.6%
Bees
72.4%
Bees
72.4%
Black Cats
72.4%
Rovers
71.3%
Answer % Correct
Seasiders
71.3%
Baggies
71.3%
Magpies
70.1%
Seagulls
69%
Eagles
69%
U's
69%
Boro
69%
Boro
69%
Bluebirds
67.8%
Hoops
67.8%
Pompey
67.8%
Potters
67.8%
Blades
66.7%
Peacocks
64.4%
Owls
64.4%
Stanley
62.1%
U's
62.1%
U's
62.1%
Clarets
60.9%
Sky Blues
60.9%
Cottagers
60.9%
Latics
60.9%
Posh
60.9%
Latics
60.9%
Gills
56.3%
O's
56.3%
Royals
56.3%
Addicks
55.2%
Railwaymen
55.2%
Monkey Hangers
55.2%
Shrews
52.9%
Answer % Correct
Trotters
51.7%
Bantams
51.7%
Daggers
51.7%
Hatters
51.7%
Exiles
51.7%
Robins
50.6%
Cobblers
50.6%
Robins
50.6%
Pirates
48.3%
Iron
48.3%
Shrimps
46%
Dale
46%
Lilywhites
43.7%
Tykes
41.4%
Millers
41.4%
Grecians
40.2%
Terriers
40.2%
Pilgrims
39.1%
Stags
37.9%
Shrimpers
37.9%
Shakers
36.8%
Brewers
35.6%
Spireites
35.6%
Chairboys
35.6%
Cod Army
33.3%
Saddlers
33.3%
Glovers
33.3%
Cumbrians
32.2%
Minstermen
31%
Valiants
28.7%

You're not logged in!

Compare scores with friends on all Sporcle quizzes.
OR
Log In

You Might Also Like...

Show Comments

Extras

Top Quizzes Today


Score Distribution

Your Account Isn't Verified!

In order to create a playlist on Sporcle, you need to verify the email address you used during registration. Go to your Sporcle Settings to finish the process.

Report this User

Report this user for behavior that violates our Community Guidelines.

Details: